Brexit Okok, következmények, lehetséges szcenáriók az Egyesült Királyság és az EU jövőbeli kapcsolatait illetően

Bibliográfiai részletek
Szerző: Grünwald Márta
További közreműködők: Nagy Dr. Gyula
Hajnalka Dr. Zsolt
Dokumentumtípus: Diplomadolgozat
Kulcsszavak:BREXIT
Kereskedelmi kapcsolatok
Gazdasági kapcsolatok
Online Access:http://dolgozattar.uni-bge.hu/19680

MARC

LEADER 00000nta a2200000 i 4500
001 dolg19680
005 20181217084212.0
008 181217suuuu hu om 000 hun d
040 |a BGE Dolgozattár Repozitórium  |b hun 
041 |a hu 
100 1 |a Grünwald Márta 
245 1 0 |a Brexit  |b Okok, következmények, lehetséges szcenáriók az Egyesült Királyság és az EU jövőbeli kapcsolatait illetően  |c Grünwald Márta  |h [elektronikus dokumentum] 
695 |a BREXIT 
695 |a Kereskedelmi kapcsolatok 
695 |a Gazdasági kapcsolatok 
700 1 |a Nagy Dr. Gyula  |e ths 
700 1 |a Hajnalka Dr. Zsolt  |e ths 
856 4 0 |u http://dolgozattar.uni-bge.hu/19680/1/Szakdolgozat_Grunwald%20Marta.pdf  |z Dokumentum-elérés